| 000 | 00642nam a2200217Ia 4500 | ||
|---|---|---|---|
| 003 | OSt | ||
| 005 | 20220124152412.0 | ||
| 008 | 210716s2006 xx 000 0 und d | ||
| 020 | _a8131405575 | ||
| 040 | _cAIMIT LIBRARY | ||
| 041 | _aeng | ||
| 082 | _a332.17 BANA | ||
| 100 |
_aBanerjee, Arindam. _914578 |
||
| 245 |
_aIndian capital markets: _btrends and reforms / _cEdited by Arindam Banerjee. |
||
| 250 | _a1 | ||
| 260 |
_aHyderabad _bICFAI University Press _c2006 |
||
| 300 |
_aix,195p. _c23cm. |
||
| 650 |
_aTrends in Capital Market _914579 |
||
| 650 |
_aDepository Services in India _914580 |
||
| 942 |
_2ddc _cBK _e1st _k332.17 BANA |
||
| 999 |
_c202361 _d202361 |
||